000 00558nam a2200229Ia 4500
003 OSt
005 20250718100134.0
008 210210b2020 xxu||||| |||| 00| 0 eng d
020 _a9788182815643
040 _cAL
041 _aeng
082 _a337 JHII
100 _aJhingan M L
_975594
245 _aInternational economics
250 _a7 Rev
260 _aDelhi
_bVrinda Publications (P) Ltd
_c2020
300 _axii,512p.
690 _aInternational Economics
_975595
700 _aJhingan, B K
_975596
906 _a074519
942 _2ddc
_cBK
999 _c128288
_d128288